| 000 | 00950cam a22002417a 4500 | ||
|---|---|---|---|
| 001 | 14802552 | ||
| 005 | 20241114112706.0 | ||
| 008 | 070410s2007 maua 001 0 eng d | ||
| 020 | _a1418836397 | ||
| 020 | _a9781418836399 | ||
| 050 | 0 | 0 |
_aQA76.73.C153 _bM268 2007 |
| 100 | 1 | _aMalik, D. S. | |
| 245 | 1 | 0 |
_aC++ programming : _bfrom problem analysis to program design / _cD.S. Malik. |
| 250 | _a3rd ed. | ||
| 260 |
_aBoston, Mass. : _bThomson Course Technology, _cc2007. |
||
| 300 |
_axxxix, 1344 p. : _bcol. ill. ; _c23 cm. |
||
| 500 | _aIncludes index. | ||
| 650 | 0 | _aC++ (Computer program language) | |
| 856 | 4 | 2 |
_3Contributor biographical information _uhttp://www.loc.gov/catdir/enhancements/fy1514/2007273510-b.html |
| 856 | 4 | 2 |
_3Publisher description _uhttp://www.loc.gov/catdir/enhancements/fy1514/2007273510-d.html |
| 856 | 4 | 1 |
_3Table of contents only _uhttp://www.loc.gov/catdir/enhancements/fy1514/2007273510-t.html |
| 942 |
_2lcc _cBK _n0 |
||
| 999 |
_c1178 _d1178 |
||